Normal view
MARC view
- Supervisor: Dr. TARIQ MAIRAJ RASOOL KHAN
Entry Personal Name
001 - CONTROL NUMBER
- control field: 124367
003 - CONTROL NUMBER IDENTIFIER
- control field: NUST
005 - DATE AND TIME OF LATEST TRANSACTION
- control field: 20240710122343.0
008 - FIXED-LENGTH DATA ELEMENTS
- fixed length control field: 240710|| aca||aabn | a|a d
040 ## - CATALOGING SOURCE
- Original cataloging agency: NUST
- Transcribing agency: NUST
100 ## - HEADING--PERSONAL NAME
- Personal name: Supervisor: Dr. TARIQ MAIRAJ RASOOL KHAN
670 ## - SOURCE DATA FOUND
- Source citation: Work cat.: (NUST): ALI, SYED HUMAIR 124366, EFFICIENT WIRELESS SENSOR NETWORK (WSN) IMPLEMENTATION FOR STRUCTURAL HEALTH MONITORING (SHM) APPLICATIONS/
